000 00391pab a2200145 454500
008 180718b2001 xxu||||| |||| 00| 0 eng d
100 _aSshankar Gopal
245 _aAmerican anti-globalisation movement: re-examining Seattle protests
260 _c2001
300 _ap.3226-232
362 _a25 Aug
650 _aGlobalization
773 _aEconomic and Political Weekly
909 _a49788
999 _c49788
_d49788